Statistiques concernant Anciennes provinces de France

Cliquez ici pour prendre le quiz!

Statistiques générales

  • Ce quiz a été pris 802 fois
  • Le résultat moyen est 18 sur 35

Statistiques - réponses

Réponse% Correct
Bretagne
88%
Normandie
86%
Corse
80%
Île-de-France
79%
Bourgogne
69%
Alsace
67%
Dauphiné
64%
Lorraine-et-Barrois
63%
Auvergne
62%
Provence
61%
Flandre française
59%
Languedoc
58%
Aquitaine
57%
Champagne
57%
Poitou
57%
Lyonnais
56%
Orléanais
56%
Anjou
55%
Picardie
52%
Limousin
51%
Roussillon
49%
Franche-Comté
47%
Béarn
46%
Touraine
46%
Berry
43%
Saintonge
43%
Artois
38%
Maine
35%
Bourbonnais
33%
Angoumois
32%
Aunis
32%
Nivernais
31%
Marche
27%
Perche
22%
Comté de Foix
19%

Distribution des résultats

Percentile par nombre de réponses

% des personnes avec chaque résultat

Votre développement - résultats

Vous n’avez pas pris ce quiz